Guess the U.S. City - Statistics

General Stats
  • This quiz has been taken 76 times
    43 since last reset
  • The average score is 11 of 15
Answer Stats
Hint City % Correct
Most populous city in the U.S. New York City
100%
Second Most Populous city in the U.S Los Angeles
94%
Only U.S city which is not in a state (not including overseas territories) Washington D.C
94%
U.S. city with the highest Crime rate in the country Detroit
81%
Former Capital of the U.S. Philadelphia
81%
Closest U.S state capital to the Grand Canyon Phoenix
81%
Capital city of the U.S state of Massachusetts Boston
75%
Most populous city in the U.S state of Texas Houston
72%
Most populous city in the U.S state of Florida (city proper) Jacksonville
69%
Only U.S city in a tropical environment (Not including cities in Overseas territories) Honolulu
67%
Northernmost U.S state capital Juneau
67%
Capital city of the U.S state of Washington Olympia
64%
Southernmost state capital in the main part of the U.S Austin
61%
U.S city which is known for its Airport believed to be a meeting place of the Illuminati Denver
42%
Northernmost U.S city (Not including cities in Overseas territories) Barrow
36%
No matching quizzes found
Score Distribution
Percent of People with Each Score
Percentile by Number Answered
Your Score History
You have not taken this quiz since the last reset